000 00802nam a2200205 a 4500
008 120416s2003 ||||||||||||||||| || u
020 _a0130888907
050 _aGA 105.3 Kra
100 _aOrmeling, Ferjan
245 1 0 _aCartography: visualization of geospatial data
250 _a2nd ed.
260 _aHarlow:
_bFT Prentice-Hall
_c2003.
300 _aix, 205p. : ill.
350 _a0.00
650 _aMAPS
650 _aCARTOGRAPHY
700 _aKraak, Menno-Jan
995 _aMAIN LIBRARY OPEN ACCESS
_D0.00
_e736727
_FCBU-MAIN LIBRARY (Kitwe)
_H1
_I20.00
_jGA 105.3 Kra
_M1
_ULOST
_y736727
_ZMain Library Open Access Collection
995 _aMAIN LIBRARY OPEN ACCESS
_D0.00
_e736726
_FCBU-MAIN LIBRARY (Kitwe)
_H1
_I0.00
_jGA 105.3 KRA
_M1
_UAVAILABLE
_WJun 1, 2006
_y40038
_ZMain Library Open Access Collection
999 _c79164
_d79164